000 00449nam a2200169Ia 4500
008 090124s9999 xx 000 0 und d
082 _b8164
100 _aफळणीकर अनिल
245 _a प्रेमिक
250 _a0
300 _a188
600 _aफळणीकर अनिल
630 _a प्रेमिक
700 _aफळणीकर अनिल
730 _a प्रेमिक
942 _cBOOK
999 _c84869
_d84869